Subjetividad y procesos cognitivos, 12: familia y grupo/

Gardado en:
Detalles Bibliográficos
Autor Corporativo: Universidad de Ciencias Empresariales y Sociales (UCES), (Argentina)
Formato: Libro
Idioma:Spanish
Publicado: Buenos Aires, Argentina: UCES, 2008
Etiquetas: Engadir etiqueta
Sen Etiquetas, Sexa o primeiro en etiquetar este rexistro!

MARC

LEADER 00000nam a22000007a 4500
003 cru CIDCACS/IIS
005 20171130153015.0
007 ta
008 171130s ag |||||r|||||||| ||spa d
999 |c 40687  |d 40687 
022 |a 1666244X 
040 |c cru CIDCACS/IIS 
090 |a 05.03.01 U58s 
110 2 |9 6177  |a Universidad de Ciencias Empresariales y Sociales (UCES), (Argentina) 
245 1 |a Subjetividad y procesos cognitivos, 12:  |b familia y grupo/  |c Universidad de Ciencias Empresariales y Sociales (UCES) 
260 |a Buenos Aires, Argentina:  |b UCES,  |c 2008 
500 |a Revista ingresada a la colección como libro 
942 |2 ddc  |c LI